Malý podnik ako zákaznícky orientovaná spoločnosť s aplikáciou na firmu AGAMA 2, s.r.o. diplomová práca

Saved in:
Bibliographic Details
Main Author: Kováčová, Daniela
Corporate Author: Obchodná fakulta EU. Katedra služieb a cestovného ruchu - zrušené
Other Authors: Pavlík, Adrián
Format: Book
Language:Slovak
Published: Bratislava 2008
Tags: Add Tag
No Tags, Be the first to tag this record!

MARC

LEADER 00000nam$a2200000$$$4500
001 0087916
005 20240201115459.5
041 0 |a slo 
044 |a SK 
245 1 0 |a Malý podnik ako zákaznícky orientovaná spoločnosť s aplikáciou na firmu AGAMA 2, s.r.o.  |b diplomová práca  |c Daniela Kováčová ; škol. Adrián Pavlík 
264 1 |a Bratislava  |c 2008 
300 |a 111 s. 
100 1 |a Kováčová, Daniela 
700 1 |a Pavlík, Adrián 
710 2 |a Obchodná fakulta EU. Katedra služieb a cestovného ruchu - zrušené